[Event "Olomouc Seniors op 18th"]
[Site "Olomouc"]
[Date "2015.08.22"]
[Round "9"]
[White "Vik, Joergen"]
[Black "Heppell, Ian"]
[Result "0-1"]
[WhiteElo "1881"]
[BlackElo "2092"]
[PlyCount "44"]
[EventDate "2015.08.15"]
[EventType "swiss"]
[EventRounds "9"]
[EventCountry "CZE"]
[SourceTitle "EXT 2016"]
[Source "ChessBase"]
[SourceDate "2015.10.08"]
[SourceVersion "1"]
[SourceVersionDate "2015.10.08"]
[SourceQuality "1"]

1. d4 d6 2. Nf3 Bg4 3. e3 Nd7 4. Be2 e6 5. c4 c6 6. Nc3 d5 7. cxd5 exd5 8. 0-0 Ngf6 9. Qc2 Be7 10. b3 0-0 11. Bb2 Re8 12. h3 Bh5 13. Nd2 Bxe2 14. Nxe2 Bd6 15. Nf3 Ne4 16. Nc1 Re6 17. Nd3 Rg6 18. b4 Qf6 19. Nde5 Bxe5 20. Nxe5 Nxe5 21. dxe5 Qf3 22. g3 Nxg3 0-1

[Event "Olomouc Seniors op 18th"]
[Site "Olomouc"]
[Date "2015.08.20"]
[Round "7"]
[White "Prachar, Josef"]
[Black "Vik, Joergen"]
[Result "1-0"]
[WhiteElo "1899"]
[BlackElo "1881"]
[PlyCount "105"]
[EventDate "2015.08.15"]
[EventType "swiss"]
[EventRounds "9"]
[EventCountry "CZE"]
[SourceTitle "EXT 2016"]
[Source "ChessBase"]
[SourceDate "2015.10.08"]
[SourceVersion "1"]
[SourceVersionDate "2015.10.08"]
[SourceQuality "1"]

1. d4 d5 2. c4 c6 3. Nf3 Nf6 4. Nc3 e6 5. e3 Bd6 6. Bd3 Nbd7 7. 0-0 0-0 8. Qc2 h6 9. b3 b6 10. Bb2 Bb7 11. e4 dxe4 12. Nxe4 Nxe4 13. Bxe4 Nf6 14. Bd3 c5 15. Ne5 Qc7 16. f4 cxd4 17. Bxd4 Bc5 18. Bf2 Rfd8 19. Rad1 Bxf2+ 20. Qxf2 Kf8 21. Rfe1 Rd6 22. f5 Rad8 23. fxe6 Rxe6 24. Ng6+ Kg8 25. Rxe6 fxe6 26. Nf4 Qd6 27. Bh7+ Nxh7 28. Rxd6 Rxd6 29. Qe2 Nf8 30. Nd3 Rd4 31. Nf2 Rd6 32. Ne4 Rd7 33. c5 Bxe4 34. Qxe4 bxc5 35. h3 Re7 36. Qc6 Kf7 37. Qxc5 Nd7 38. Qxa7 e5 39. Kf2 e4 40. Ke3 Nf6 41. Qc5 Rd7 42. a4 Kg6 43. b4 Rd5 44. Qc4 Rd3+ 45. Ke2 Rg3 46. Kf2 Rd3 47. a5 Rd2+ 48. Ke1 Rxg2 49. a6 Rg1+ 50. Kf2 Ra1 51. b5 Ra3 52. b6 Rxh3 53. b7 1-0

[Event "Olomouc Seniors op"]
[Site "Olomouc"]
[Date "2013.08.03"]
[Round "2"]
[White "Golcman, Evgeny"]
[Black "Vik, Joergen"]
[Result "1-0"]
[WhiteElo "2264"]
[BlackElo "1902"]
[PlyCount "117"]
[EventDate "2013.07.31"]
[EventType "swiss"]
[EventRounds "9"]
[EventCountry "CZE"]
[SourceTitle "EXT 2014"]
[Source "ChessBase"]
[SourceDate "2013.11.20"]
[SourceVersion "1"]
[SourceVersionDate "2013.11.20"]
[SourceQuality "1"]

1. c4 e5 2. g3 Nc6 3. Bg2 Nf6 4. Nc3 Be7 5. Nf3 0-0 6. 0-0 d6 7. d4 exd4 8. Nxd4 Bd7 9. h3 a6 10. b3 Qe8 11. Bb2 Rb8 12. Rc1 Ne5 13. f4 Nc6 14. Kh2 Nxd4 15. Qxd4 c5 16. Qd3 Bc6 17. e4 b5 18. Rfe1 Qc8 19. Rcd1 Re8 20. e5 Bxg2 21. Kxg2 dxe5 22. fxe5 Rd8 23. Qf3 Rxd1 24. Rxd1 Ne8 25. Nd5 Bd8 26. Rd2 Qe6 27. Nf4 Qe7 28. Qc6 bxc4 29. Rd7 Qf8 30. e6 fxe6 31. Qxe6+ Kh8 32. Qxc4 Nf6 33. Rd2 Ba5 34. Rf2 Qd6 35. Nd3 Bc7 36. Rf3 Re8 37. Bxf6 gxf6 38. Qxc5 Re2+ 39. Kf1 Rxa2 40. Qxd6 Bxd6 41. Rxf6 Bxg3 42. Nc5 Be5 43. Rxa6 Rh2 44. Ne6 Kg8 45. Ng5 Rb2 46. Rb6 Bf4 47. Ne6 Be5 48. Rb5 Bd6 49. Rb7 Be5 50. b4 h6 51. b5 Rh2 52. Nd8 Rxh3 53. Nc6 Bd6 54. Nd4 Be5 55. Kg2 Rh2+ 56. Kg1 Rb2 57. Nf5 h5 58. Kf1 Rb4 59. Ne7+ 1-0

[Event "Olomouc Seniors op"]
[Site "Olomouc"]
[Date "2009.08.11"]
[Round "7"]
[White "Vik, Joergen"]
[Black "Golcman, Evgeny"]
[Result "0-1"]
[WhiteElo "1913"]
[BlackElo "2304"]
[PlyCount "64"]
[EventDate "2009.08.06"]
[EventType "swiss"]
[EventRounds "9"]
[EventCountry "CZE"]
[SourceTitle "EXT 2012"]
[Source "ChessBase"]
[SourceDate "2011.11.24"]
[SourceVersion "1"]
[SourceVersionDate "2011.11.24"]
[SourceQuality "1"]

1. d4 f5 2. Nf3 Nf6 3. Bg5 Ne4 4. Bf4 d6 5. e3 g6 6. Nbd2 Nf6 7. Be2 Bg7 8. c3 Nc6 9. h3 0-0 10. 0-0 Kh8 11. Rb1 Be6 12. c4 Bg8 13. d5 Nb8 14. Nd4 c6 15. dxc6 bxc6 16. Bh2 e5 17. Nc2 Nbd7 18. b4 a5 19. a3 axb4 20. axb4 c5 21. Bf3 Ra2 22. Bc6 Qc7 23. Bxd7 Nxd7 24. e4 Nb6 25. Ne3 f4 26. Nd5 Nxd5 27. cxd5 cxb4 28. Rc1 Qa7 29. Kh1 Qd4 30. Rc2 b3 31. Rxa2 bxa2 32. f3 Rb8 0-1